Five Best FIFA World Cup Appearance Makers By Continent - Statistics

General Stats
  • This quiz has been taken 22 times
  • The average score is 10 of 30
Answer Stats
Hint Country Goals Player(s) % Correct
Europe Portugal 22 Cristiano Ronaldo
89%
South America Argentina 26 Lionel Messi
89%
South America Brazil 19 Ronaldo
89%
South America Argentina 21 Diego Maradona
79%
Europe Germany 24 Miroslav Klose
79%
Europe Italy 23 Paolo Maldini
74%
Europe Germany 25 Lothar Matthäus
68%
Oceania Australia 9 Tim Cahill/Mark Bresciano
53%
Asia South Korea 16 Hong Myung-bo
42%
South America Brazil 20 Cafu
37%
Africa Senegal 11 Asamoah Gyan
32%
North America United States 12 Javier Hernández
32%
North America United States 12 Landon Donovan
32%
Africa Cameroon/Ghana 10 Roger Milla/André Ayew
32%
South America Argentina 20 Javier Mascherano
26%
North America Mexico 19 Rafael Márquez
26%
Asia South Korea/Japan 11 Woon-jae Lee/Nam-il Kim/Makoto Hasebe/Eiji Kawashima/Maya Yoshida
21%
Africa Morocco 10 Hakim Ziyech/Achraf Hakimi
16%
Asia South Korea 14 Park Ji-sung
16%
Oceania Australia 7 Scott Chipperfield/Lucas Neill/Jason Culina/Aaron Mooy/Aziz Behich/Jackson Irvine/Mile Jedinak
16%
North America Mexico 13 Andrés Guardado
11%
Oceania Australia 6 Mark Schwarzer/Brett Emerton/Craig Moore
11%
Europe West Germany 21 Uwe Seeler/Władysław Żmuda
11%
Asia South Korea 12 Young-pyo Lee
11%
Oceania Australia 10 Mathew Ryan
5%
Africa Ghana 11 François Omam-Biyik
0%
North America United States 12 Héctor Moreno
0%
Africa Nigeria 10 Joseph Yobo
0%
Oceania Australia 10 Mathew Leckie
0%
Asia Japan 15 Yūto Nagatomo
0%
No matching quizzes found
Score Distribution
Percent of People with Each Score
Percentile by Number Answered
Your Score History
You have not taken this quiz